000 02516nam0a2200385 4500
001 RU\NLR\BIBL_A\022768083
005 20260531100201.0
010 _a978-5-00228-524-2
021 _aRU
_bКН-П-26-008162
_9КН-П-26-0784
035 _a(NLR Aleph) 022768083
090 _a13717805
_c13717805
100 _a20260327d2026 u y0rusy50 ca
101 2 _arus
_ceng
_cfre
102 _aRU
105 _aa z 000yy
181 0 _ai3
_baxxe
182 0 _an
200 1 _aТайны рождения, любви и смерти
_eоккультизм для начинающих
_eсборник
_fУильям Дауэр, Сент-Ив д'Альвейдр, Даниил Святский
203 _aТекст
_aИзображение
_bвизуальные
_cнепосредственные
210 _aМосква
_cКнига, Амрита-Русь
_d2026
215 _a330, [1] с.
_d20
225 1 _aБиблиотека мага и алхимика
327 1 _aСодерж.: Оккультизм для начинающих / Уильям Дауэр. Ключи Востока / Сент-Ив д'Альвейдр. Под сводом хрустального неба / Даниил Святский
464 0 _12001#$aОккультизм для начинающих
_1700#1$aДауэр$bУ.$f1866-1937$gУильям
_tОккультизм для начинающих
_aДауэр, Уильям (1866-1937)
464 0 _12001#$aКлючи Востока
_1700#1$aСент-Ив д'Альвейдр$bА.$f1842-1909$gАлександр$3RU\NLR\AUTH\7719444
_tКлючи Востока
_aСент-Ив д'Альвейдр, Александр (1842-1909)
464 0 _12001#$aПод сводом хрустального неба
_1700#1$aСвятский$bД. О.$f1881-1940$gДаниил Осипович
_tПод сводом хрустального неба
_aСвятский, Даниил Осипович (1881-1940)
606 1 _aОккультизм
_jСборники
_91388572
_3RU\NLR\AUTH\66270145
686 1 _aЭ391.4я43
700 1 _aДауэр
_bУ.
_f1866-1937
_gУильям
701 1 _7ca
_8rus
_aСент-Ив д'Альвейдр
_bА.
_f1842-1909
_gАлександр
_92516
_3RU\NLR\AUTH\7719444
701 1 _aСвятский
_bД. О.
_f1881-1940
_gДаниил Осипович
942 _cBOOK
980 _aNB